000 00837nam a22002777a 4500
003 CHAP
005 20220329134947.0
008 971013s1957 r 00010 d
010 _a28700
011 _a29672
035 _a33783
040 _cCHAP
082 _a330.4
_bK6
100 0 0 _aKoopmans, Tjalling C.
_963716
245 _aTheree essays on the state of economic science
260 _aNew York :
_bMcGraw-Hill,
_c1957
300 _a231 p.
590 _aBATCH-UPD
_b10
_c20130110
_lUCH01
_h2134
590 _aBATCH-UPD
_b10
_c20130410
_lUCH01
_h1443
590 _aBATCH-UPD
_b10
_c20130914
_lUCH01
_h1230
590 _aCONVERSION
_b10
_c20130109
_lUCH01
_h1316
650 1 4 _aEconomía
_xDiscursos, ensayos y conferencias.
_935233
901 _aBK
942 _cLIBRO
949 _a330.4 K6
_bBC
_cLIBRO
_d33724000318432
_eLIBRO
_i33783
_si
999 _c28700
_d28700